Padres brillantes profesores fascinantes : (Registro nro. 2514)
[ vista simple ]
| 000 -CABECERA (24) | |
|---|---|
| Campo de control interno | 01687nmm a22002774a 4500 |
| 003 - IDENTIFICADOR DE CONTROL | |
| Campo control | BOLpUSFA |
| 005 - FECHA Y HORA DE CATALOGACION | |
| Campo de control | 20201006010246.0 |
| 008 - ELEMENTOS DE LONGITUD FIJA - INFORMACIÓN GENERAL | |
| Campo de control de longitud fija | t es gq d 000 u spa d |
| 017 ## - DEPOSITO LEGAL | |
| Número de Depósito legal | |
| 020 ## - INTERNATIONAL STANDARD BOOK NUMBER | |
| ISBN | |
| 041 ## - Código de idioma (R) | |
| Código de lengua del texto/banda sonora o título independiente (R) | spa |
| 044 ## - Código de país de la publicación | |
| Codigo ISO de pais | ES |
| 100 ## - Autor Personal | |
| Autor Personal | Cury, Augusto |
| 245 ## - Titulo | |
| Titulo | Padres brillantes profesores fascinantes : |
| Subtitulo | el método más eficaz para formar jóvenes felices proactivos seguros e inteligentes |
| Medio | [recurso electrónico] |
| 250 ## - Mencion de edicion | |
| Mencion de edicion | 1a.ed. |
| 260 ## - Editorial | |
| Ciudad | s.l.: |
| Nombre de la Editorial | s.e., |
| Fecha | 2005. |
| 300 ## - Descripcion | |
| Extension | 108 p. ; |
| Otros detalles fisicos | PDF. |
| 520 ## - Resumen | |
| Resumen | Formar niños y adolescentes sociables, felices, libres y emprendedores es un hermoso desafío en estos momentos. La soledad nunca fue tan intensa: los padres esconden sus sentimientos a los hijos, los hijos esconden sus lágrimas a los padres, los maestros se ocultan detrás de las tizas. El estrés y la ansiedad son parte de la rutina de jóvenes y adultos. La producción de conocimiento se ha multiplicado, pero las nuevas generaciones no son formadas para pensar, sino para repetir información. La educación atraviesa una crisis sin precedentes en todo el mundo. ¿Hay esperanza? ¡Sí! En este libro el psiquiatra y científico Augusto Cury muestra que es necesario cultivar la emoción y expandir la inteligencia de los jóvenes. Y, para eso, padres y maestros precisan de herramientas para estimular a los niños y adolescentes. |
| 650 ## - Temas - Descriptores | |
| Temas - Descriptores | Educación |
| 650 ## - Temas - Descriptores | |
| Temas - Descriptores | Enseñanza y formación |
| 650 ## - Temas - Descriptores | |
| Temas - Descriptores | Niñez y adolescencia |
| 650 ## - Temas - Descriptores | |
| Temas - Descriptores | Docente |
| 653 ## - Palabras Claves | |
| Palabras Claves | Padres de familia |
| 856 ## - URL - Ubicacion | |
| URI/URL | <a href="http://biblioteca.usfa.edu.bo/cgi-bin/koha/opac-retrieve-file.pl?id=43d14f745830bbd73ab4e49e6471386f">http://biblioteca.usfa.edu.bo/cgi-bin/koha/opac-retrieve-file.pl?id=43d14f745830bbd73ab4e49e6471386f</a> |
| 942 ## - ELEMENTOS DE KOHA | |
| Esquema de Clasificaci | |
| Tipo de Documento | Documentos Electrónicos |
| Catalogador | WM: MCR |
No hay ítems disponibles.